000 00285nam a2200121Ia 4500
008 191201s1970 xx 000 0 und d
100 _aKOTHARI,LS
245 0 _aBasic Physical and Chemical Data
260 _aN. Delhi
_bE.W.P
_c1970
300 _a98
650 _aApplied
942 _2ddc
_cBK
999 _c615
_d615